Movies Quiz

Random Movies or Broadway Quiz

Musicals by the characters Quiz Stats

 Plays Quiz not verified by Sporcle

Challenge
Share
Tweet
Embed
Score 0/10 Timer 05:00
0 Plays Today
% Correct
Spamalot
93.2%
Jesus Christ Superstar
91.9%
Chicago
91.5%
Hairspray
89.4%
Cats
88.1%
The Phantom of the Opera
83.5%
Avenue Q
78.8%
Spring Awakening
74.2%
A Chorus Line
63.1%
The Last 5 Years
53%

You're not logged in!

Compare scores with friends on all Sporcle quizzes.
Join for Free
OR
Log In

You Might Also Like...

Show Comments

Extras

Top Quizzes Today


Score Distribution

Your Account Isn't Verified!

In order to create a playlist on Sporcle, you need to verify the email address you used during registration. Go to your Sporcle Settings to finish the process.

Report this User

Report this user for behavior that violates our Community Guidelines.

Details: